01390 2200397 4500001002100000005001500021035002000036007000300056008004100059020002200100082001600122084001800138100002900156245021300185250003700398300003900435650002600474700002700500700002900527700002200556700003300578700003000611700003900641700004400680700003100724504003300755264003000788336002100818337003000839338002300869040002200892090002200914850001200936999002200948990002200970INLIS00000000089204820241217100142 a0010-1224000595ta241217s2024 yoia g 000 | ind d a978-623-01-3907-904223a658.001 a658.001 MUK f0 aMukhlis YunusePengarang10aFilsafat ilmu manajemen dan akuntansi /cMukhlis Yunus, Hafasnuddin, Mirza Tabrani, Muslim, Dwi Meilvinasvita, Totok Rudianto, Muhammad Putra Aprullah, Muhammad Arifai, Zulkarnaini; penyunting, Mirna Indriani aEdisi Pertama : Cetakan I, 2024 axiv, 210 halaman :btabel ;c23 cm 4aManajemen--xFilsafat0 aHafasnuddinePengarang0 aMirza TabraniePengarang0 aMuslimePengarang0 aDwi MeilvinasvitaePengarang0 aTotok RudiantoePengarang0 aMuhammad Putra AprullahePengarang0 aMuhammad Arifai, ZulkarnainiePengarang0 aMirna IndrianiePenyunting aBibliografi: halaman 197-20431aYogyakarta :bAndi,c2024 2rdacontentateks 2rdamediaatanpa perantara 2rdacarrieravolume aYOPDYOGbinderda aCB-D.11 2024-3864 aYOPDYOG aCB-D.11/2024-3864 aCB-D.11/2024-3864